000 00661cam a22002413a 4500
001 31804
003 PGUSA
005 20140828083704.0
008 100328s2010||||xxu|||||s|||||000 1 eng d
040 _aPGUSA
_beng
042 _adc
050 4 _aPS
100 1 _aSeawell, Molly Elliot,
_d1860-1916
245 1 0 _aFrancezka
_h[electronic resource] /
_cMolly Elliot Seawell
260 _bProject Gutenberg,
_c2010
506 _aPublic domain in the USA.
516 _aElectronic text
653 _aFiction
700 1 _aFisher, Harrison,
_d1875-1934
830 0 _aProject Gutenberg
_v31804
856 4 0 _uhttp://www.gutenberg.org/ebooks/31804
942 _cEB
999 _c261059
_d261059